Statistics for Van Halen Albums

Click here to take the quiz!

General Stats

  • This quiz has been taken 492 times
  • The average score is 9 of 12

Answer Stats

Hint Answer % Correct
1978Van Halen
98%
1979Van Halen II
95%
19841984
95%
1982Diver Down
83%
19865150
81%
1980Women and Children First
75%
1998Van Halen III
74%
1988OU812
73%
1991For Unlawful Carnal Knowledge
67%
1981Fair Warning
61%
1995Balance
53%
2012A Different Kind of Truth
38%

Score Distribution

Percentile by Number Answered

Percent of People with Each Score

Your Score History

You have not taken this quiz